000 00766nam a2200241 a 4500
001 51358
003 BD-RjUL
005 20211209075640.0
008 160830s1958 maua 001 0 eng d
035 _a(BD-RjUL)51478
040 _aBD-RjUL
_beng
_cBD-RjUL
_dBD-RjUL
041 _aeng
082 _223
_a515.35
_bKAO 1958
100 1 _aKaplan, Wilfred.
_d1915-
_9152550
245 1 0 _aOrdinary differential equations /
_cby Wilfred Kaplan.
260 _a Mass ;
_aLondon :
_bAddison-Wesley,
_cc1958.
300 _axv, 534 p. :
_bill. ;
_c24 cm.
490 1 _aAddison-Wesley series insystems engineering.
500 _aIncludes index.
650 0 _aDifferential equations.
_9153615
830 0 _aAddison-Wesley series insystems engineering.
_9153621
942 _2ddc
_cBK
999 _c51358
_d51358